Critical Issues in the Philosophy of Science & Religion (Record no. 2582)
[ view plain ]
| 000 -LEADER | |
|---|---|
| fixed length control field | 00600nam a22001817a 4500 |
| 005 - DATE AND TIME OF LATEST TRANSACTION | |
| control field | 20181016180224.0 |
| 008 - FIXED-LENGTH DATA ELEMENTS--GENERAL INFORMATION | |
| fixed length control field | 181016b ||||| |||| 00| 0 eng d |
| 020 ## - INTERNATIONAL STANDARD BOOK NUMBER | |
| International Standard Book Number | 8172149026 |
| 040 ## - CATALOGING SOURCE | |
| Transcribing agency | DLC |
| 082 ## - DEWEY DECIMAL CLASSIFICATION NUMBER | |
| Classification number | 201.65 |
| Item number | P4716C |
| 100 ## - MAIN ENTRY--PERSONAL NAME | |
| Personal name | Perumalil, Augustine |
| 245 ## - TITLE STATEMENT | |
| Title | Critical Issues in the Philosophy of Science & Religion |
| Statement of responsibility, etc. | Augustine Perumalil |
| 260 ## - PUBLICATION, DISTRIBUTION, ETC. | |
| Place of publication, distribution, etc. | Delhi |
| -- | Pune |
| Name of publisher, distributor, etc. | ISPCK |
| -- | Indian Institute of Science and Religion |
| Date of publication, distribution, etc. | 2006 |
| 300 ## - PHYSICAL DESCRIPTION | |
| Extent | xii, 198p,; |
| 500 ## - GENERAL NOTE | |
| General note | includes bibliography & index [191-198] |
| 650 ## - SUBJECT ADDED ENTRY--TOPICAL TERM | |
| Topical term or geographic name entry element | Natural history--Philosophy |
| General subdivision | Religion and science |
| 942 ## - ADDED ENTRY ELEMENTS (KOHA) | |
| Source of classification or shelving scheme | Dewey Decimal Classification |
| Koha item type | Books |
| Withdrawn status | Lost status | Source of classification or shelving scheme | Damaged status | Not for loan | Collection code | Home library | Current library | Shelving location | Date acquired | Cost, normal purchase price | Total Checkouts | Full call number | Barcode | Date last seen | Price effective from | Koha item type |
|---|---|---|---|---|---|---|---|---|---|---|---|---|---|---|---|---|
| Dewey Decimal Classification | Non-fiction | Harvest Mission College | Harvest Mission College | General Stacks | 16.10.2018 | 150.00 | 201.65 P4716C | 002843 | 16.10.2018 | 16.10.2018 | Books |
